000 00352nam a22001457a 4500
020 _a978-0-08-099431-4
040 _cElsevier
082 _a669.72
_bP7621 L
100 _aLan Polmear
_9130773
245 _aLight Alloys
_bMetallurgy of the Light Metals
250 _a5th ed.
260 _aUK
_bElsevier
_c2017
300 _a525p.
942 _2ddc
_cREF
999 _c614955
_d614955